000 00824cam a2200253 4500
001 ABS64805
008 011203n2001 000 0 eng u
035 _a(Sirsi) u115819
100 _aTomnay, G.
245 _aSecrets of good internet strategy
260 _c2001
490 _aEstates Gazette
_v(0144) 3 November 2001, 134-135(2)
520 _aGives advice on e-commerce strategy, and highlights issues such as branding, ownership, copyright and data protection which can contain legal pitfalls for the uninitiated property e-businessman.
590 _aABS
650 _aINTERNET STRATEGY
650 _aDATA PROTECTION
650 _aCOPYRIGHT
650 _aCYBERSQUATTING
650 _aBRANDING
650 _aE-COMMERCE
650 _aWEBSITES
690 _aINFORMATION TECHNOLOGY-INTERNET
942 _n0
999 _c68989
_d68989